Movies Quiz

Random Movies or Quote Quiz

Twilight quotes, Quiz Stats

 Plays Quiz not verified by Sporcle

Challenge
Share
Tweet
Embed
Score 0/25 Timer 10:00
0 Plays Today
Quote Answer % Correct
'Your like a drug to me.'Edward
99.7%
'Since when are you and Blondy BFF?'Jacob
96.6%
No smudging my masterpiece!'Alice
96%
'It's ok Rose'Bella
93.1%
'Bella's scent will distract the newborns.'Jasper
93.1%
'Bella, I hope you have had enough sleep in the past 18 years because you wont be getting any more for a while! Hahaha.'Emmett
90.2%
'I am the one with the wicked curve ball.'Victoria
89.7%
'What is she to me?'Rosalie
89.4%
'You brought a snack'James
89.4%
'I'm gonna miss you Bells.'Charlie
88.8%
'We can't stop t and we can't slow it down!'Carlisle
87.6%
You need to hunt!'Esme
85.1%
'I haave grown tiered of his games!'Laurent
81.9%
Quote Answer % Correct
'Oh CRAP my mascara!!!!!'Renee
80.5%
'Being unwanted isn't exactly a new thing for me!'Leah
78.7%
'She isn't our problem anymore.'Sam
77.9%
'I have got your back.'Seth
77%
'Aro's decisions are being watched.'Jane
76.1%
'Riley didn't tell us he said our thoughts weren't save!'Bree
73.9%
'Your more informed about the Cullens then I thought!'Billy
71.6%
'I finally made the pack.'Quil
69.3%
'Your dead.'Riley
65.5%
'They invited one.'Irina
62.9%
'Congratulations Bella.' Kiss KissTanya
49.1%
'You promised.'Kate
48.6%

You're not logged in!

Compare scores with friends on all Sporcle quizzes.
OR
Log In

You Might Also Like...

Show Comments

Extras

Created Mar 24, 2012ReportNominate
Tags:Quote Quiz, Twilight

Top Quizzes Today


Score Distribution

Your Account Isn't Verified!

In order to create a playlist on Sporcle, you need to verify the email address you used during registration. Go to your Sporcle Settings to finish the process.

Report this User

Report this user for behavior that violates our Community Guidelines.

Details: